000
00312nam a22001217a 4500
003
OSt
008
231114b |||||||| |||| 00| 0 eng d
041
_a
mal
100
_a
Vishnuswaroop
_9
5611
245
_a
Veetinakathoru poonthottam
260
_a
Thiruvananthapuram :
_b
Kerala Bhasha Institute,
_c
1979.
942
_c
BK
999
_c
17824
_d
17824